Biología

Gorde:
Xehetasun bibliografikoak
Egile nagusia: Curtis, Helena
Formatua: Liburua
Hizkuntza:gaztelania
Argitaratua: Barcelona, España Omega 1972
Gaiak:
Etiketak: Etiketa erantsi
Etiketarik gabe, Izan zaitez lehena erregistro honi etiketa jartzen!

MARC

LEADER 00000nam a2200000 a 4500
001 UCT4975
003 CL-VaPUC
005 20230112074254.0
008 961129e19720000SP |||||||||||||||||spa|d
999 |c 254050  |d 254048 
040 |c Pontificia Universidad Católica de Valparaíso 
082 0 4 |a 570 CUR 1972  |2 21 
100 0 |a Curtis, Helena  |9 374254 
245 1 0 |a Biología 
260 0 3 |a Barcelona, España  |b Omega  |c 1972 
300 |a 980 páginas 
583 |a last modification  |c 19961129 00:00:00  |k Rodrigo Vera 
650 0 |a Biología  |9 262022 
650 0 |a Botánica  |9 264202 
650 0 |a Zoología  |9 261613 
650 0 |a Ecología   |9 258124 
650 0 |a Citología  |9 261432 
650 7 |a CELLAS  |2 CL-VaPUC  |9 374255 
650 0 |a Morfología celular  |9 358386 
650 0 |a Estructura celular   |9 362207 
650 0 |a Genética  |9 259443 
650 7 |a HOMBRE  |2 CL-VaPUC  |9 262149 
942 |c BK  |2 ddc 
945 |d 19961129 00:00:00  |a cmena